Detalles MARC
| 000 -LIDER |
| fixed length control field |
01371nam a2200289 a 4500 |
| 001 - NÚMERO DE CONTROL |
| Identificador de número de control |
000026259 |
| 003 - IDENTIFICACDOR DE NÚMERO DE CONTROL |
| control field |
DO-SdBNP |
| 005 - DATE AND TIME OF LATEST TRANSACTION |
| control field |
20211108090503.0 |
| 008 - ELEMENTOS DE LONGITUD FIJA |
| fixed length control field |
110308t1989 dr 001 0dspa d |
| 040 ## - FUENTE DE CATALOGACIÓN |
| Agencia que crea de manera original el registro |
DO-SdBNP |
| Idioma de catalogación |
spa |
| Agencia que realiza la transcripción |
BNPHU |
| 049 ## - LOCAL HOLDINGS (OCLC) |
| Holding library |
BNPD |
| 082 ## - NÚMERO DE CLASIFICACIÓN DECIMAL DE DEWEY |
| Classification number |
C864.44 |
| Item number |
B742v |
| 100 1# - ASIENTO PRINCIPAL -- NOMBRE PERSONAL |
| Nombre personal |
Bosch Quidiello, Patricio, |
| Fechas asociadas con el nombre |
1946- |
| 245 10 - MENCIÓN DE TITULO |
| Título |
Vínculos culturales antillanos / |
| Mención de responsabilidad |
Patricio Bosch Quidiello. |
| 260 ## - PUBLICACIÓN, DISTRIBUCIÓN, ETC. (PIE DE IMPRENTA) |
| Lugar de publicación, distribución, etc |
Santo Domingo : |
| Nombre del editor, distribuidor, etc. |
Alfa y Omega, |
| Fecha de publicación, distribución, etc |
1989. |
| 300 ## - DESCRIPCIÓN FÍSICA |
| Extensión |
91 p. ; |
| Dimensiones |
21 cm. |
| 504 ## - NOTA DE BIBLIOGRAFÍA, ETC. |
| Bibliography, etc |
Bibliografía p. 79-90. |
| 505 0# - NOTA DE CONTENIDO |
| Título |
Vínculos culturales domínico-cubanos: la labor literaria y docente de Max Henríquez Ureña en Cuba, reflejada a traves de algunas publicaciones periódicas cubanas -- |
| -- |
Bibliografía o hemerografía -- |
| -- |
Presencia de Puerto Rico en publicaciones periódicas cubanas de 1902 a 1930 -- |
| -- |
Bibliografía o hemerografía -- |
| -- |
Presencia del Caribe en literatos, políticos e intelectuales hispanoamericanos que publicaron en algunas revistas cubanas del primer tercio del siglo XX -- |
| -- |
Bibliografía o hemerografía. |
| 590 ## - NOTA LOCAL |
| Enlace |
Inventariado, 2021/VM |
| 600 14 - ENCABEZAMIENTO DE MATERIA--NOMBRE PERSONAL |
| Nombre personal |
Henríquez Ureña Max |
| Fechas asociadas con el nombre |
1885-1968 |
| Subdivisión temática general |
|
| 650 #4 - ENCABEZAMIENTO DE MATERIA--TEMÁTICO |
| Término temático o nombre geográfico como elemento de entrada |
Ensayos cubanos |
| 650 #4 - ENCABEZAMIENTO DE MATERIA--TEMÁTICO |
| Término temático o nombre geográfico como elemento de entrada |
Autores caribeños |
| Subdivisión temática general |
Crítica e interpretación |
| 650 #4 - ENCABEZAMIENTO DE MATERIA--TEMÁTICO |
| Término temático o nombre geográfico como elemento de entrada |
Autores caribeños |
| Subdivisión temática general |
Biobibliografías |
| 650 #4 - ENCABEZAMIENTO DE MATERIA--TEMÁTICO |
| Término temático o nombre geográfico como elemento de entrada |
Literatura cubana |
| 910 ## - VALIDACIÓN |
| Validación |
VMateo V. |
| 942 ## - ADDED ENTRY ELEMENTS (KOHA) |
| Source of classification or shelving scheme |
Dewey Decimal Classification |
| Koha item type |
Libros |